Who's Who -The Vampire Diaries Game - Statistics

General Stats
  • This quiz has been taken 1,937 times
  • The average score is 11 of 12
Answer Stats
Hint Answer % Correct
she was in love with both Salvatore Brothers Elena Gilbert
99%
he is Elena's Younger brother Jeremy Gilbert
99%
he is a werewolf Tyler Lockwood
98%
the malevolent vampire brother who initially served as the show's anti-hero. He is mostly thought of as selfish and manipulative Damon Salvatore
96%
he is half vampire and half werewolf who fell in love with caroline Klaus
96%
a good-hearted and affectionate vampire and the complete opposite of his older brother Stefan Salvatore
96%
Bonnie and Elena's best friend who became a vampire in season 2 caroline Forbes
95%
Elena and Caroline's best friend and a very powerful witch Bonnie Bennett
94%
Elena's childhood friend and ex-boyfriend, who became romantically involved with Caroline in Season 1 Matt Donovan
94%
Elena's doppelgänger Katherine Pierce
93%
a history teacher, vampire hunter, and love interest for Jenna in season 1 Alaric Saltzman
92%
a vampire formerly under the imprisonment of the Augustine society. He was Damon Salvatore's cellmate back in the 1950s Enzo
89%
No matching quizzes found
Score Distribution
Percent of People with Each Score
Percentile by Number Answered
Your Score History
You have not taken this quiz